Logo BPK

Biblioteka

Politechniki Koszalińskiej

Numeryczna analiza procesów plastycznego skręcania... / (Rekord nr 23132)

Szczegóły MARC
000 -ETYKIETA REKORDU
podpole kontrolne o stałej długości 00334nam a2200133 i 4500
001 - NUMER KONTROLNY REKORDU
pole kontrolne bg
040 ## - ŹRÓDŁO KATALOGOWANIA
Instytucja, która utworzyła rekord BPK
041 ## - KOD JĘZYKA
Kod języka tekstu pol
008 - POLE O STAŁEJ DŁUGOŚCI - DANE KONTROLNE
podpole kontrolne o stałej długości s pl f |000 0 pol
100 1# - NAZWA OSOBOWA
Nazwa osobowa LITOŃSKI, J.
245 #0 - TYTUŁ/ODPOWIEDZIALNOŚĆ
Tytuł Numeryczna analiza procesów plastycznego skręcania... /
Pozostałe elementy strefy tytułu i oznaczenia odpowiedzialności J. Litoński.
260 ## - STREFA ADRESU WYDAWNICZEGO
Miejsce wydania Warszawa,
Data publikacji, dystrybucji/powstania dokumentu 1985.
856 ## - LOKALIZACJA I DOSTĘP DO ELEKTRONICZNYCH DOKUMENTÓW ZDALNYCH
Link (URL) http://koha.tu.koszalin.pl/cgi-bin/koha/opac-detail.pl?biblionumber=23132
Tekst linku Katalog online BPK
942 ## - DODATKOWE ELEMENTY (KOHA)
Typ dokumentu Książka
Egzemplarze
Wycofany Status egzemplarza Uszkodzony Dostępność Lokalizacja stała Lokalizacja bieżąca Miejsce przechowywania Sygnatura Kod kreskowy Status: wypożyczony Typ dokumentu
      Dostępny Biblioteka Politechniki Koszalińskiej Biblioteka Politechniki Koszalińskiej Wypożyczalnia BG 33146 01210910 24.02.2027 Książka
© 2023 Biblioteka Politechniki Koszalińskiej :: KOHA